SIAM journal on control <a> publication of the Society for Industrial and Applied Mathematics

Guardado en:
Detalles Bibliográficos
Formato: Seriadas
Lenguaje:inglés
Publicado: Philadelphia Society for Industrial and Applied Mathematics 1974
Etiquetas: Agregar Etiqueta
Sin Etiquetas, Sea el primero en etiquetar este registro!

MARC

LEADER 00000nas2a22000001 4500
001 0019579
005 20250730114404.5
041 0 |a eng 
044 |a US 
245 1 0 |a SIAM journal on control  |b <a> publication of the Society for Industrial and Applied Mathematics 
264 1 |a Philadelphia  |b Society for Industrial and Applied Mathematics  |c 1974 
300 |a 1 zv. 
773 0 |w eu_un_cat*0019576